000 00299nam a22001337a 4500
008 260211b ||||| |||| 00| 0 eng d
020 _a9789606930706
041 _aital
080 _a002
100 _a20
101 _aital
245 _aItalo Calvino
_cMaria Angela Cernigliaro
942 _2lcc
_cBK
999 _c60773
_d60773